000 00760nam a22002057a 4500
008 170807b xxu||||| |||| 00| 0 eng d
020 _a0-7879-0055-9 (alk. paper)
082 _21995
_aDC 371.264
_bR74
100 _921646
_aRothman, Robert, 1959-
245 _aMeasuring up :
_bstandards, assessment, and school reform /
_cRobert Rothman.
250 _a1st edition
260 _aSan Francisco :
_bJossey-Bass,
_cc1995.
300 _axix, 209 pages ;
_c24 cm.
440 _921647
_aJossey-Bass education series.
500 _aIncludes bibliographical references and index.
650 0 _921648
_aAchievement tests -- United States -- Evaluation.
650 0 _921649
_aEducational evaluation -- United States.
365 _b1,350.00
_cPhp
942 _2ddc
_cDC
999 _c7163
_d7163